书目信息 |
| 题名: |
不留遗憾
|
|
| 作者: | 马良坤 编著 | |
| 分册: | ||
| 出版信息: | 北京 中国轻工业出版社 2018.08 |
|
| 页数: | 235页 | |
| 开本: | 24cm | |
| 丛书名: | ||
| 单 册: | ||
| 中图分类: | G610.8 | |
| 科图分类: | ||
| 主题词: | 胎教--基本知识 | |
| 电子资源: | ||
| ISBN: | 978-7-5184-1894-7 | |
| 000 | 00779nam0 2200229 450 | |
| 001 | 0103152653 | |
| 005 | 20201103152731.0 | |
| 010 | @a978-7-5184-1894-7@dCNY49.80 | |
| 100 | @a20180913d2018 em y0chiy50 ea | |
| 101 | 0 | @achi |
| 102 | @aCN@b110000 | |
| 105 | @aa z 000yy | |
| 106 | @ar | |
| 200 | 1 | @a不留遗憾@Abu liu yi han@e协和专家教你科学胎教@f马良坤编著 |
| 210 | @a北京@c中国轻工业出版社@d2018.08 | |
| 215 | @a235页@c彩图@d24cm | |
| 330 | @a本书从情绪胎教、音乐胎教、营养胎教、美育胎教、阅读胎教等几个方面,介绍了最贴心实用的胎教素材,让准爸妈通过胎教建立起他们和胎宝宝沟通的桥梁。 | |
| 606 | 0 | @a胎教@x基本知识 |
| 690 | @aG610.8@v5 | |
| 701 | 0 | @a马良坤@Ama liang kun@c(女,@f1972.9-)@4编著 |
| 801 | 0 | @aCN@bBJSZM@c20201103 |
| 905 | @b1256851-5@dG610.8@e1074@f5 | |
| 不留遗憾:协和专家教你科学胎教/马良坤编著.-北京:中国轻工业出版社,2018.08 |
| 235页:彩图;24cm |
| ISBN 978-7-5184-1894-7:CNY49.80 |
| 本书从情绪胎教、音乐胎教、营养胎教、美育胎教、阅读胎教等几个方面,介绍了最贴心实用的胎教素材,让准爸妈通过胎教建立起他们和胎宝宝沟通的桥梁。 |
| ● |
| 相关链接 |
|
|
|
|
正题名:不留遗憾
索取号:G610.8/1074
 
预约/预借
| 序号 | 登录号 | 条形码 | 馆藏地/架位号 | 状态 | 备注 |
| 1 | 1256851 | 212568513 | 第一样本阅览室/ [索取号:G610.8/1074] | 在馆 | |
| 2 | 1256852 | 212568522 | 教育系资料室/ [索取号:G610.8/1074] | 在馆 | |
| 3 | 1256853 | 212568531 | 教育系资料室/ [索取号:G610.8/1074] | 在馆 | |
| 4 | 1256854 | 212568540 | 第四借阅区/ [索取号:G610.8/1074] | 在馆 | |
| 5 | 1256855 | 212568559 | 第四借阅区/ [索取号:G610.8/1074] | 在馆 |